| 000 | 00694nam a2200265 4500 | ||
|---|---|---|---|
| 001 | 2005 | ||
| 010 | _a9789895839834 | ||
| 021 |
_aPT _b548727/25 |
||
| 090 | _a2005 | ||
| 100 | _a20251124d2025 m||y0pory50030103ba | ||
| 101 | _apor | ||
| 102 | _aPT | ||
| 200 |
_aSlammed. _fColleen Hoover _gtrad. Susana Franco |
||
| 205 | _a1ª edição | ||
| 210 |
_aLisboa _cTopseller _d2025 |
||
| 215 |
_a319 p. _d23 cm |
||
| 300 | _aBMB-Registado | ||
| 304 | _aTít. orig.: Slammed | ||
| 606 |
_9795 _aLiteratura Americana |
||
| 606 |
_9779 _aRomance |
||
| 675 |
_a821.111(73)-31 _vBMB _zpor |
||
| 700 |
_aHoover _bColleen _f1979- _9916 |
||
| 702 |
_92879 _aFranco _bSusana _4730 |
||
| 801 |
_aPT _bBMB _gRPC |
||
| 990 | _cLIVROS | ||